|
|
|
|
| LEADER |
00674nam a22002052a 4500 |
| 001 |
000380591 |
| 003 |
CZ BrMZK |
| 005 |
19961101143423.0 |
| 007 |
ta |
| 008 |
950101s1954 xr f cze d |
| 040 |
|
|
|a BOA001
|b cze
|
| 100 |
1 |
|
|a Kratochvíl, Josef,
|d 1909-1992
|7 jk01062981
|
| 245 |
1 |
0 |
|a Použitá zoologie.
|n Sv. 1,
|p Bezobratlí
|
| 246 |
3 |
0 |
|a Bezobratlí
|
| 250 |
|
|
|a dotisk 1. vyd.
|
| 260 |
|
|
|a Praha,
|c 1954
|
| 910 |
|
|
|a BOA001
|b 4-0303.200,1
|
| 990 |
|
|
|a BK
|
| 996 |
6 |
|
|b 2619878856
|c 4-0303.200,1
|l MZK
|r Sklad / do 24 hodin
|n 0
|w 000380591
|u 000020
|a 1
|e BOA001
|j MZK50
|s P
|
| 996 |
7 |
|
|b 2619878857
|c 4-0303.200,1
|l MZK
|r Sklad / do 24 hodin
|n 0
|w 000380591
|u 000010
|a 1
|e BOA001
|j MZK50
|s A
|